Bruegel le vieux, (Record no. 2182)

MARC details
000 -LEADER
fixed length control field 00768cam a22002291 4500
001 - CONTROL NUMBER
control field af 47003454
003 - CONTROL NUMBER IDENTIFIER
control field DLC
005 - DATE AND TIME OF LATEST TRANSACTION
control field 20260227110820.0
008 - FIXED-LENGTH DATA ELEMENTS--GENERAL INFORMATION
fixed length control field 930107s1944 be c b 000 0 fre c
010 ## - LIBRARY OF CONGRESS CONTROL NUMBER
LC control number af 47003454
035 ## - SYSTEM CONTROL NUMBER
System control number (OCoLC)27209887
040 ## - CATALOGING SOURCE
Original cataloging agency Art institute of Chicago
Transcribing agency CU
Modifying agency CU
-- DLC
042 ## - AUTHENTICATION CODE
Authentication code premarc
050 00 - LIBRARY OF CONGRESS CALL NUMBER
Classification number ND673.B73
Item number V3
100 1# - MAIN ENTRY--PERSONAL NAME
Personal name Vanzype, Gustave,
Dates associated with a name 1869-
245 00 - TITLE STATEMENT
Title Bruegel le vieux,
Statement of responsibility, etc. par Gustave Vanzype ...
260 ## - PUBLICATION, DISTRIBUTION, ETC.
Place of publication, distribution, etc. Bruxelles,
Name of publisher, distributor, etc. La Renaissance du livre
Date of publication, distribution, etc. [1944]
300 ## - PHYSICAL DESCRIPTION
Extent 105, [1] p. incl. front. (port.)
Dimensions 19 cm.
440 #0 - SERIES STATEMENT/ADDED ENTRY--TITLE
Title Collection: "Notre passé."
Number of part/section of a work 3. sér.,
Volume/sequential designation IV
504 ## - BIBLIOGRAPHY, ETC. NOTE
Bibliography, etc. note "Orientation bibliographique": p. 101-102. "Bibliographie": p. 103-104.
600 10 - SUBJECT ADDED ENTRY--PERSONAL NAME
Personal name Bruegel, Pieter,
Dates associated with a name approximately 1525-1569.

No items available.

Powered by Koha